Holiday Quiz

Random Holiday or Christmas Quiz

Christmas preparation quiz Stats

Quiz not verified by Sporcle

Challenge
Share
Tweet
Embed
Score 0/20 Timer 05:00
0 Plays Today
% Correct
presents
70%
Christmas tree
63.3%
Turkey
53.3%
lights
43.3%
cookies
40%
Santa
40%
ornaments
33.3%
Reindeer
30%
star
20%
tinsell
16.7%
% Correct
milk
16.7%
fire
16.7%
Rudolph
16.7%
candy cane
13.3%
Winter
6.7%
Christmas cards
6.7%
Merry Christmas
6.7%
Felis Navidad
6.7%
Poinsettia
6.7%
Hot Chocolate
6.7%

You're not logged in!

Compare scores with friends on all Sporcle quizzes.
Sign Up with Email
OR
Log In

You Might Also Like...

Show Comments

Extras

Top Quizzes Today


Score Distribution

Your Account Isn't Verified!

In order to create a playlist on Sporcle, you need to verify the email address you used during registration. Go to your Sporcle Settings to finish the process.